000 00623nam a2200241Ia 4500
003 OSt
005 20221005115412.0
006 a|||||r|||| 00| 0
007 ta
008 221004b |||||||| |||| 00| 0 eng d
024 _a25510
037 _cTextual
040 _aCRL
_cCRL
_beng
041 _2eng
_aeng
082 _aY31:1.23145, M6
100 _aRajendran S Editor
_9627472
245 0 _aCensus of India 1971
_b Goa, Daman and Diu
260 _c1986
300 _a139p.
_ccm.
650 _aSOCIOLOGY
942 _hY31:1.23145, M6
_cTEXL
_2cc
999 _c1034702
_d1034702